Biểu diễn liên hợp và cấu trúc của đại số Lie nửa đơn

Kiến thức cơ bản. Biểu diễn liên hợp của đại số Lie. Cấu trúc của đại số Lie nửa đơn

Αποθηκεύτηκε σε:
Λεπτομέρειες βιβλιογραφικής εγγραφής
Κύριος συγγραφέας: Lê Thị Phương Ly
Άλλοι συγγραφείς: Trần Đạo Dõng PGS.TS (Hướng dân)
Μορφή: Βιβλίο
Γλώσσα:Vietnamese
Έκδοση: Đà Nẵng Đại học Đà Nẵng 2011
Θέματα:
Ετικέτες: Προσθήκη ετικέτας
Δεν υπάρχουν, Καταχωρήστε ετικέτα πρώτοι!
Thư viện lưu trữ: Mạng thư viện Đại học Đà Nẵng
LEADER 01439nam a2200361 4500
001 000010290
003 6492
005 20111212141232.0
008 111212s2011 viesd
041 |a vie 
072 |a Luận văn Thạc sĩ Khoa học 
082 |a 512  |b LE-L 
100 |a Lê Thị Phương Ly 
245 |a Biểu diễn liên hợp và cấu trúc của đại số Lie nửa đơn  |c Lê Thị Phương Ly 
260 |a Đà Nẵng  |b Đại học Đà Nẵng  |c 2011 
300 |a 52 tr.  |c 29 cm  |e CD. Tóm tắt 
500 |a Luận văn Thạc sĩ. Chuyên ngành: Phương pháp toán sơ cấp. Mã số: 60.46.40 
520 |a Kiến thức cơ bản. Biểu diễn liên hợp của đại số Lie. Cấu trúc của đại số Lie nửa đơn 
653 |a Đại số Lie 
653 |a Cấu trúc 
653 |a Luận văn Thạc sĩ Toán sơ cấp 
653 |a Toán học 
700 |a Trần Đạo Dõng  |c PGS.TS  |e Hướng dân 
OWN |a LSP 
AVA |a UDN50  |b LSP  |d 512 LE-L  |e available  |t Error 5001 Not defined in file expand_doc_bib_avail.  |f 1  |g 0  |h N  |i 0  |k 1 
999 |a From the UDN01 
AVA |a UDN50  |b LSP  |d 512 LE-L  |e available  |t Error 5001 Not defined in file expand_doc_bib_avail.  |f 1  |g 0  |h N  |i 0  |k 1 
TYP |a Monograph 
TYP |a Printed language 
980 |a Mạng thư viện Đại học Đà Nẵng